Prénoms de peintres... Qui n'a pas cette lettre dans son prénom ? - Statistiques

Statistiques générales
  • Ce quiz a été pris 25 fois
  • Le résultat moyen est 13 sur 50
Statistiques - réponses
Question Réponse % Correct
A comme Anatole Bosch
67%
B comme Berthe Gauguin
67%
A comme Anatole Van Gogh
67%
O comme Oscar Arcimboldo
50%
G comme Gaston Chagall
33%
T comme Thérèse Chagall
33%
P comme Pierre Courbet
33%
Z comme Zoé Courbet
33%
M comme Marcel Delacroix
33%
C comme Célestin Fantin-Latour
33%
R comme Raoul Gris
33%
N comme Nicolas Hopper
33%
K comme Kléber Ingres
33%
W comme William Isabey
33%
W comme William Jordaens
33%
S comme Suzanne Matisse
33%
P comme Pierre Millet
33%
E comme Eugène Picasso
33%
S comme Suzanne Pissarro
33%
E comme Eugène Poussin
33%
F comme François Renoir
33%
V comme Victor Rothko
33%
L comme Louis Schiele
33%
B comme Berthe Tyndall
33%
Q comme Quentin Vermeer
33%
I comme Irma Warhol
33%
U comme Ursule Watteau
33%
X comme Xavier Blake
17%
G comme Gaston Bonnard
17%
K comme Kléber de la Tour
17%
M comme Marcel De la Tour
17%
I comme Irma Delaunay
17%
D comme Désiré de Toulouse-Lautrec
17%
U comme Ursule Durer
17%
C comme Célestin Flandrin
17%
R comme Raoul Grunewald
17%
N comme Nicolas Kandinsky
17%
V comme Victor Rousseau
17%
H comme Henri Teniers
17%
O comme Oscar Tissot
17%
H comme Henri Turner
17%
Y comme Yvonne Vernet
17%
J comme Joseph Winterhalter
17%
Q comme Quentin Beckman
0%
T comme Thérèse Frans
0%
D comme Désiré Le Brun
0%
J comme Joseph Liebermann
0%
F comme François Redouté
0%
L comme Louis Seurat
0%
X comme Xavier Utrillo
0%
Aucun quiz correspondant
Distribution des résultats
% des personnes avec chaque résultat
Percentile par nombre de réponses
Votre historique - résultats
Vous n’avez pas pris ce quiz